[Event "Montreal Mercredi 04"]
[Site "Montreal"]
[Date "2012.04.04"]
[Round "1"]
[White "Cockburn, Denton"]
[Black "Levkovsky, Alexandre"]
[Result "0-1"]
[WhiteElo "2277"]
[BlackElo "2283"]
[PlyCount "114"]
[EventDate "2012.04.13"]
[EventType "swiss"]
[EventRounds "5"]
[EventCountry "CAN"]
[SourceTitle "EXT 2022"]
[Source "ChessBase"]
[SourceDate "2021.10.06"]
[SourceVersion "1"]
[SourceVersionDate "2021.10.06"]
[SourceQuality "1"]

1. d4 Nf6 2. c4 e6 3. Nf3 b6 4. a3 Ba6 5. Qc2 c6 6. Bg5 d5 7. Nbd2 Be7 8. e3 c5 9. dxc5 bxc5 10. Bxf6 Bxf6 11. cxd5 Bxf1 12. Kxf1 0-0 13. dxe6 fxe6 14. Ke2 Nd7 15. Rhd1 Qe8 16. Ne4 Nb6 17. Nxf6+ Rxf6 18. Qxc5 Rc8 19. Qb4 Nd5 20. Qd2 Qh5 21. Ke1 Rcf8 22. Qe2 Qg4 23. Qf1 Rxf3 24. gxf3 Qxf3 25. Rd3 Rc8 26. Rad1 Rc2 27. R3d2 Rc7 28. Qg1 Rc8 29. Qg3 Qf5 30. h3 h5 31. Ke2 Kh7 32. Qf3 Qg6 33. e4 Nf6 34. Rd4 Rc2+ 35. R1d2 Rc5 36. b4 Rc1 37. e5 Nd5 38. Qd3 Rg1 39. Rxd5 exd5 40. e6 Qxd3+ 41. Rxd3 Kg8 42. Rf3 Rc1 43. Kd3 Rd1+ 44. Kc3 Re1 45. Re3 Rxe3+ 46. fxe3 g5 47. a4 g4 48. hxg4 h4 49. g5 h3 50. g6 Kf8 51. Kd4 h2 52. Ke5 h1Q 53. Kd6 Qh4 54. g7+ Kxg7 55. Kd7 Kf8 56. Kd6 Qxb4+ 57. Kxd5 Ke7 0-1

[Event "Montreal Mercredi 01"]
[Site "Montreal"]
[Date "2012.02.01"]
[Round "4"]
[White "Levkovsky, Alexandre"]
[Black "Cockburn, Denton"]
[Result "1/2-1/2"]
[WhiteElo "2303"]
[BlackElo "2256"]
[PlyCount "84"]
[EventDate "2012.01.11"]
[EventType "swiss"]
[EventRounds "5"]
[EventCountry "CAN"]
[SourceTitle "EXT 2022"]
[Source "ChessBase"]
[SourceDate "2021.10.06"]
[SourceVersion "1"]
[SourceVersionDate "2021.10.06"]
[SourceQuality "1"]

1. e4 c5 2. Nf3 d6 3. d4 cxd4 4. Nxd4 Nf6 5. Nc3 a6 6. Be2 e6 7. 0-0 Be7 8. Be3 0-0 9. a4 Qc7 10. f4 Nc6 11. Nb3 b6 12. Bf3 Bb7 13. Qe2 Nb4 14. Qf2 Nd7 15. Rad1 Nc5 16. Nd4 Bf6 17. g4 g6 18. f5 exf5 19. exf5 Bxf3 20. Qxf3 Qb7 21. Qxb7 Nxb7 22. fxg6 fxg6 23. Ne6 Rf7 24. Bxb6 Nxc2 25. Ne4 Be5 26. Rxf7 Kxf7 27. N4g5+ Kg8 28. Nf3 Bf6 29. g5 Bh8 30. Rc1 Nb4 31. Rc7 Nc5 32. Nxc5 dxc5 33. Bxc5 Nd3 34. b4 Bc3 35. Be7 Bxb4 36. Bf6 Bf8 37. Ne5 Nxe5 38. Bxe5 Re8 39. Bc3 Re4 40. a5 Rg4+ 41. Kf2 Rxg5 42. Rc6 Rc5 1/2-1/2